000 00971naa a22002777a 4500
001 BR8206723
003 BR-BrBNA
005 20240918175213.0
007 ta
008 230509b bl.||||| |||| 00| 0 por d
040 _aBR-BrBNA
_bpor
_cBiblioteca Nacional de Agricultura
041 _a(Pt)
072 _aM10
_b8150
090 _aM10 BR8206723
100 1 _aBenetti, D.D.
100 1 _aFagundes Netto, E.B.
111 1 _a1. Seminario sobre Cultivo de Pescado
_cRio de Janeiro, RJ (Brazil)
_d23-27 Mar 1981
245 1 _aCultivo de peixes marinhos
260 3 _aRio de Janeiro, RJ (Brasil):
_c1982.
500 _aAnais do 1. Seminario sobre cultivo de pescado Rio de Janeiro, RJ (Brasil): 1982. p. 63-75 (BR8206723-AM)M10
650 _aPESCA
650 _aPEIXE MARINHO
773 0 _tAnais do 1. Seminario sobre cultivo de pescado
_wM10 BR8206723
_gRio de Janeiro, RJ (Brasil), 1982. p. 63-75
909 _a202404
_bLucia
_c55
_dLucia Elande
942 _cAM
_2AGRIS
999 _c315578
_d315578